[Event "EU-ch 13th"]
[Site "Plovdiv"]
[Date "2012.03.28"]
[Round "8"]
[White "Vitiugov, Nikita"]
[Black "Cheparinov, Ivan"]
[Result "1-0"]
[WhiteElo "2709"]
[BlackElo "2664"]
[Annotator "Krasenkow,M"]
[PlyCount "83"]
[EventDate "2012.03.20"]
[EventType "swiss"]
[EventRounds "11"]
[EventCountry "BUL"]
[SourceTitle "CBM 148"]
[Source "ChessBase"]
[SourceDate "2012.05.16"]
[SourceVersion "1"]
[SourceVersionDate "2012.05.16"]
[SourceQuality "1"]

1. d4 Nf6 2. c4 g6 3. Nc3 Bg7 4. e4 d6 5. f3 O-O 6. Be3 c5 7. Nge2 Nc6 8. d5
Ne5 9. Ng3 h5 10. Be2 a6 11. a4 e6 12. O-O exd5 13. cxd5 Bd7 {A rare move
instead of the usual} (13... Nh7) 14. Nh1 (14. h3 {is usually played here:} h4
$1 (14... c4 $6 15. f4 Nd3 16. Bxd3 cxd3 17. Qxd3 h4 {1/2 Rabinovich,A (2325)
-Cosma,I (2465)/Berlin 1994/EXT 1997 (33)} 18. Nge2 Re8 19. Bd4 $16) (14... Be8
$6 15. f4 Ned7 16. e5 Nh7 (16... dxe5 17. f5 $1) 17. e6 Ndf6 18. Bc4 b5 19.
axb5 Bxb5 20. Qd3 $16 {1-0 Benitah,Y (2428)-Guichard,P (2277)/Cap d'Agde 2008/
CBM 127 Extra (32)}) (14... b5 15. f4 Nc4 16. Bxc4 bxc4 17. e5 $36) 15. Nh1 (
15. f4 Neg4 $1 16. hxg4 hxg3 17. Bf3 Re8 18. g5 $140 Nxe4 $1 19. Nxe4 Bf5)
15... b5 $1 16. Bg5 $1 (16. f4 Nc4 17. Bxc4 bxc4 18. e5 Nh5 $1) 16... b4 (16...
Qb6 17. a5 Qc7 18. f4 Nc4 19. Bxc4 bxc4 20. Bxh4 $16 {1/2 Roghani,
A-Radovanovic,D (2225)/Calicut 1998/CBM 067 ext (33)}) 17. Nb1 c4 $1 18. Bxh4 (
18. f4 $2 Qb6+ 19. Nf2 Nxe4 20. Bxh4 Nd3 21. Bxd3 cxd3 $17 {1/2 Gundavaa,B 
(2493)-Guseinov,G (2634)/Moscow 2012/CBM 147 (108)}) 18... Qa5 (18... Re8 19.
Nf2 $1 $14 (19. f4 Nd3 20. Bxd3 cxd3 21. Qxd3 Rxe4 22. Nd2 Re8 23. Ng3 Qb6+ 24.
Kh2 {1/2 Giri,A (2714)-Radjabov,T (2773)/Wijk aan Zee 2012/CBM 147})) 19. Nd2
c3 20. Nb3 Qc7 21. bxc3 bxc3 22. Qc2 Rfc8 23. Bf2 Nh5 $44 24. Qc1 $6 Nc4 25. g4
Nd2 26. Nxd2 Nf4 $1 $17 {1/2 Dreev,A (2705)-Espinosa Flores,R (2415)/Merida
2003/CBM 099 (45)}) 14... b5 (14... Rb8 15. a5 (15. Nf2 $142) 15... b5 16. axb6
Rxb6 17. Rxa6 Rxa6 18. Bxa6 Qb6 19. Qe2 Ra8 20. Bb5 Bxb5 21. Nxb5 (21. Qxb5
$142 Qxb5 22. Nxb5 Ne8 23. Rb1 Nc4 24. Bc1 Rb8 25. Na7 Bxb2 $11) 21... Rb8 22.
Nc3 Qxb2 $17 {0-1 Molale,O-Rubery,M/Gauteng 1998/CBM 064 ext (47)}) 15. Nf2 {
White just ignores Black's pawns preparing f3-f4.} b4 (15... Rb8 16. axb5 axb5
17. h3 $1 Re8 18. Re1 $1 Nc4 19. Bxc4 bxc4 20. Ra2 $14) 16. Nb1 c4 17. Bd4 Rc8
18. Nd2 c3 19. bxc3 bxc3 20. Nb3 (20. Bxe5 $5 dxe5 21. Nc4) 20... Nc4 (20... c2
$1 21. Qc1 (21. Qd2 Nc4 22. Qxc2 $1 Ne3 23. Qd2 Nxf1 24. Bxf1 $44) 21... Qc7
22. Ra2 Qb7 23. Rb2 $14) 21. Qc2 Nxd5 {If Black doesn't go for complications
his c3- or a6-pawn will be lost.} 22. Bxc4 Rxc4 23. Bxg7 Ne3 24. Qe2 Qg5 25.
Nd1 (25. Ng4 $5 {is very difficult to calculate:} hxg4 26. Bxf8 (26. f4 Qd8 27.
Bxf8 Qb6) 26... Nxf1 27. Qxc4 Qe3+ $1 28. Kxf1 gxf3 29. Ra2 $1 $16) (25. g3 $1
{was the simplest reply:} Kxg7 26. f4 Qd8 27. Qxe3 {with an extra piece and
insufficient compensation for Black.}) 25... Nxg2 $6 (25... Nxf1 $142 26. Qxc4
(26. Bxf8 Rxa4 $1) 26... Rc8 $1 {, and now White must find a lot of difficult
moves to keep his advantage:} 27. Qd3 $1 (27. Qxf1 Kxg7 $44 {[%csl Gc3,Rd1]})
27... Kxg7 (27... c2 28. Bd4 $1 Nxh2 29. Nf2 $1 Be6 30. Kxh2 Bxb3 31. Qxb3 c1=Q
32. Nh3 $3 Qgd2 33. Rxc1 Qxc1 34. Qb7 $18) 28. Kxf1 Be6 $1 (28... c2 29. Nc3
Be6 30. Qd4+ $1 Qf6 (30... Kg8 31. Nd2 {[%cal Ya1c1]}) 31. Qxf6+ Kxf6 32. Nd5+
Ke5 33. Rc1 $16) 29. Qd4+ $8 Kg8 30. Nc1 Bc4+ 31. Kg1 $1 (31. Kf2 $2 c2 32. Ne3
Qh4+) 31... Qd2 $1 32. Qxd2 cxd2 33. Kf2 dxc1=Q 34. Rxc1 Be6 ({or} 34... a5 35.
Ne3 Be6 36. Rxc8+ Bxc8 37. Nc4 Bd7 38. Nxd6 Bxa4 39. Nb7) 35. Rxc8+ Bxc8 36. a5
$1 $14 {Still, Black should rather hold on here.}) 26. Bh6 $1 Qxh6 (26... Nf4+
27. Bxg5 Nxe2+ 28. Kf2 Rxa4 29. Re1 $1 $18 {[%csl Re2]}) 27. Qxc4 {With an
extra rook, White gradually consolidates his position and converts his
advantage.} Nf4 (27... Rc8 28. Qxa6 Nf4 29. Kh1) 28. Kh1 Rc8 29. Qd4 (29. Qxa6
c2 30. Qxd6 $16) 29... Be6 30. Nc1 Qg5 31. Rg1 Qh4 32. Rg3 Rc4 33. Qxd6 Rc8 34.
Nd3 Nxd3 35. Qxd3 c2 36. Nc3 Qf6 (36... Qf4 37. Rgg1) 37. f4 h4 38. Re3 Qxf4
39. Rae1 (39. Rc1 $1 {[%cal Ye3e1]}) 39... Bg4 (39... Bb3 $142 {keeping the
tension although after} 40. Ne2 Qf2 41. Nc1 Bc4 42. Qc3 Be6 43. Rf3 $1 {
White should win after all}) 40. h3 Bxh3 $2 (40... Bd1 41. Rxd1 cxd1=Q+ 42.
Nxd1 Rc1 43. Rf3 $18) (40... Bh5 $5 41. Na2 $18) 41. Qxc2 Bg4 42. Qg2 {[%cal
Rc3d5]} 1-0

[Event "EU-ch 13th"]
[Site "Plovdiv"]
[Date "2012.03.20"]
[Round "1"]
[White "Vitiugov, Nikita"]
[Black "Nedev, Trajce"]
[Result "1-0"]
[WhiteElo "2709"]
[BlackElo "2492"]
[Annotator "Krasenkow,M"]
[PlyCount "99"]
[EventDate "2012.03.20"]
[EventType "swiss"]
[EventRounds "11"]
[EventCountry "BUL"]
[SourceTitle "CBM 148"]
[Source "ChessBase"]
[SourceDate "2012.05.16"]
[SourceVersion "1"]
[SourceVersionDate "2012.05.16"]
[SourceQuality "1"]

1. d4 Nf6 2. c4 g6 3. Nc3 Bg7 4. e4 d6 5. f3 O-O 6. Be3 c5 7. Nge2 Nc6 8. d5
Ne5 9. Ng3 e6 10. Be2 exd5 11. cxd5 a6 12. a4 Bd7 13. O-O b5 {This early
attempt at counterplay (without ...h7-h5) deserves serious attention.} 14. axb5
(14. h3 $5 {is also played here. Here is a recent example:} Rb8 15. axb5 axb5
16. f4 Nc4 17. Bxc4 bxc4 18. e5 Re8 $1 19. Qf3 Rxb2 $1 20. exf6 Qxf6 21. Rac1
Qd8 22. Bf2 f5 23. Rfe1 Qa5 24. Rxe8+ Bxe8 25. Nd1 Ra2 $44 {1-0 Zhou Jianchao 
(2655)-Fedoseev,V (2505)/Moscow 2011/CBM 141 Extra (48)}) 14... axb5 15. Rxa8 (
15. Bxb5 $143 Bxb5 16. Nxb5 Qb6 (16... Rxa1 17. Qxa1 Nc4 18. Bc1 Qb6 19. Qa4
Ne5 20. Be3 Rb8 21. Nc3 {1/2 Ganguly,S (2639)-Brown,A (2215)/Queenstown NZL
2012/The Week in Chess 897 (61)} Nd3 $132) 17. Qe2 (17. Rxa8 Rxa8 18. Qe2 Rb8
19. Na3 Qb3 $44) 17... Rab8 18. Na7 Qxb2 19. Qxb2 Rxb2 $15 {[...] 0-1 Seirawan,
Y (2600)-Ivanchuk,V (2720)/Roquebrune 1992/CBM 027 ext (36)}) 15... Qxa8 16.
Bxb5 (16. Nxb5 Bxb5 17. Bxb5 Rb8 $10) 16... Bxb5 {Both players were probably
unaware of the following game:} (16... Rb8 $1 17. Bxd7 Nfxd7 18. Qc2 (18. Qe2
c4 19. Qc2 Nd3 20. Rb1 {1/2 Mahia,G (2364)-Perdomo,L (2312)/Olavarria 2005/CBM
105 ext (50)} Rb4 $44) 18... Qa6 {1/2 Spraggett,K (2525)-Hazai,L (2480)/Szirak
1986/MCL} (18... Nc4 $5 19. Bc1 Qb7 $36)) 17. Nxb5 Qa6 18. Nc3 (18. Na3 Rb8 19.
Qc2 Nxd5 $1 20. exd5 Rxb2 $1 $17 {0-1 Belotti,B (2350)-Piket,M (2355)/Lugano
1989/TD (34)}) 18... Rb8 19. Qc2 (19. Bc1 Nfd7 $36) 19... Qd3 20. Qxd3 (20. Qf2
Nc4 21. Nd1 Nxd5 22. exd5 Nxe3 23. Nxe3 {0-1 Nikolaev,S (2430)-Belov,I (2435)/
Podolsk 1991/CBM 026 ext (30)} Bd4 $1 24. Re1 Rxb2 $19) 20... Nxd3 21. Nge2 Ne8
(21... Rxb2 $15 {is quite good. After the text move Black is not worse either
but the 200-point rating difference finally plays its role.}) 22. Rb1 Rxb2 23.
Rxb2 Nxb2 {[%mdl 4096]} 24. Nb5 Kf8 25. Kf1 Ke7 26. Nec3 Nc4 27. Bg5+ Kd7 28.
Ke2 f5 29. Kd3 Nb6 $6 {[%csl Rb6]} (29... Ne5+ 30. Ke3 Nc4+ $11) 30. Nd1 fxe4+
31. fxe4 Be5 32. h3 Nf6 33. Bxf6 Bxf6 34. Ne3 h5 35. Nc4 Nxc4 36. Kxc4 Be5 37.
Kd3 Ke7 38. Na3 Kf6 39. Nc4 Bg3 40. Ke3 h4 (40... Bh2 41. Kf3 Be5 $2 42. h4 $22
) 41. Nd2 g5 42. Nc4 Bf4+ 43. Ke2 Bg3 44. Ne3 Ke5 45. Kd3 Kf4 $4 {[%mdl 8192]}
({After} 45... Kf6 {White apparently can't break through, e.g.} 46. Ng4+ Kf7
47. Kc4 Ke7 48. Kb5 Bf4 ({but not} 48... Kd7 $2 49. e5 $1 Bxe5 (49... dxe5 50.
Kxc5 {[%cal Rg4f6] is hardly more pleasant, e.g.} Ke7 51. d6+ Ke6 52. Kc6 Be1
53. d7 Ba5 54. Nf2 $18) 50. Nxe5+ dxe5 51. Kxc5 $22 Ke7 52. d6+ Kd7 53. Kd5 e4
54. Kxe4 Kxd6 55. Kf5 $18) 49. e5 Bxe5 50. Nxe5 dxe5 51. Kxc5 Kd7 $22 52. d6 e4
53. Kd4 Kxd6 54. Kxe4 Ke6 $11) 46. Nc4 {Winning the d6-pawn and the game.} Bh2
47. Nxd6 Kg3 48. e5 Kxg2 49. Nc4 g4 50. e6 1-0

[Event "Gashimov Memorial 6th"]
[Site "Shamkir"]
[Date "2019.04.01"]
[Round "2"]
[White "Ding, Liren"]
[Black "Grischuk, Alexander"]
[Result "1-0"]
[WhiteElo "2812"]
[BlackElo "2771"]
[Annotator "Krasenkow,M"]
[PlyCount "153"]
[EventDate "2019.03.31"]
[EventType "tourn"]
[EventRounds "9"]
[EventCountry "AZE"]
[EventCategory "22"]
[SourceTitle "CBM 190"]
[Source "ChessBase"]
[SourceDate "2019.06.30"]
[SourceVersion "1"]
[SourceVersionDate "2019.06.30"]
[SourceQuality "1"]

{[%evp 0,153,19,25,23,8,54,7,25,-7,7,22,76,66,100,71,84,41,34,34,60,42,69,41,
63,64,53,42,42,38,35,35,34,29,45,41,41,24,17,-4,29,23,4,24,11,24,59,28,41,27,
108,97,118,141,126,97,96,58,70,60,57,69,80,69,69,57,75,61,53,66,109,46,75,99,
99,99,99,99,50,47,95,0,55,118,148,41,102,97,1,0,20,0,0,0,0,97,221,202,189,188,
192,230,196,194,194,204,216,219,313,221,284,284,284,302,302,302,304,322,322,
322,322,322,322,322,322,322,322,322,322,322,322,344,322,322,342,296,280,302,
340,302,297,297,315,322,1280,1252,509,1263,1391,1428,1471,1432,1454,1455,29989,
29990]} 1. d4 Nf6 2. c4 g6 3. f3 c5 4. d5 d6 5. e4 e6 6. Nc3 exd5 7. cxd5 Bg7
8. Nge2 Nbd7 {A rare move order.} (8... O-O {is the most common continuation})
(8... a6 9. a4 Nbd7 {is often played, too.} 10. Ng3 h5 {was seen in a number
of games.}) 9. Ng3 h5 {Black goes for a well-known line without the insertion
of ...a7-a6 a2-a4. At first glance, this concept has no obvious merits, and
the drawback is that White can make use of the b5 square.} (9... a6 10. a4 {
leads to a well-known position, usually arising after 8...a6}) (9... O-O {
leads to a common line 8...0-0 9.Ng3 Nbd7.}) 10. Be2 (10. Nb5 $6 Ne5) 10... Nh7
(10... h4 11. Nf1 Nh5 12. Be3 (12. g4 $5) 12... a6 13. a4 {0-1 (45) Garriga
Cazorla,P (2386)-Lagno,K (2530) Caleta 2017 transposed to the 8...a6 9.a4 Nbd7
line.}) 11. Nf1 {A new move, which is rather passive.} (11. Be3 h4 12. Nf1 O-O
13. Nd2 (13. Qd2 Re8 14. Bh6 Bd4 $1 15. Ne3 $5 a6 $1 16. Nc2 Be5 17. Bf4 $1 b5
18. O-O Bxf4 19. Qxf4 Ne5 20. Qh6 g5 $13 {1/2 (45) Aronian,L (2809)-Li,C (2735)
Geneva 2017 CBM 180 [Yermolinsky,A]}) 13... f5 14. exf5 Qe7 15. Bf2 (15. fxg6
Qxe3 16. gxh7+ Kh8 17. Nc4 Bxc3+ 18. bxc3 Qxc3+ 19. Kf2 b5 20. Nxd6 Nf6 $40 {
0-1 (38) Sanikidze,T (2518)-Rodshtein,M (2698) Chartres 2017}) 15... Ne5 16.
O-O g5 17. Nc4 Bxf5 18. Qd2 Nxc4 19. Bxc4 Be5 20. Rae1 Qg7 $132 {1/2 (46)
Cheparinov,I (2710)-Bai,J (2585) China 2017}) (11. Bf4 $5 Qe7 12. Qd2 h4 13.
Nf1 g5 14. Be3 Ne5 15. g3 Bd7 (15... g4 $5 {D.Fernandez}) 16. gxh4 gxh4 $6 (
16... g4 $3 17. f4 Nf3+ 18. Bxf3 gxf3 $13 {D.Fernandez}) 17. Rg1 $1 f5 18. f4
$1 Ng4 19. e5 $1 $16 {1/2 (42) Aronian,L (2794)-Grischuk,A (2767) Berlin 2018
CBM 184 [Fernandez,D]}) 11... Qh4+ $5 {Provoking the weakening g2-g3.} (11...
O-O 12. Ne3 {[%cal Ye1g1,Ye3c4] was White's idea.}) 12. g3 Qe7 13. Ne3 O-O 14.
a4 Ne5 15. O-O Bh3 16. Re1 {[%cal Ge1e7]} Rae8 (16... Qd7 $5) 17. Bd2 $1 (17.
f4 Ng4 18. Bxg4 (18. Nxg4 hxg4 19. Bxg4 Bd4+ 20. Kh1 Bxg4 21. Qxg4 Bxc3 22.
bxc3 Nf6 $15) 18... hxg4 19. Nxg4 Bxc3 20. bxc3 Bxg4 21. Qxg4 Nf6 $13) 17... a6
$6 (17... Nf6 $14) 18. Ra3 $6 (18. f4 $1 {was already strong here. If} Ng4 (
18... Nd7 19. Bxh5 $1 $16) 19. Nxg4 hxg4 20. Bxg4 Bd4+ 21. Kh1 Bxg4 22. Qxg4
Nf6 {then} 23. Qh4 $1 {, and Black can't regain the pawn.}) 18... Qc7 (18...
Qd7 $14) 19. f4 (19. Kh1 $5 $14) 19... Nd7 $6 (19... Ng4 {was possible here:}
20. Nxg4 hxg4 21. Bxg4 Bd4+ 22. Kh1 Bxg4 23. Qxg4 Nf6 24. Qf3 (24. Qh4 Qb6 $1
$17) 24... Qd7 $44 {[%cal Yd7h3,Yb7b5]}) 20. Bxh5 $1 {White wins a pawn in a
better version.} c4 $1 {The only chance of counterplay.} 21. Bf3 (21. Qe2 $5
Nc5 22. Qxc4 gxh5 23. b4 Bxc3 24. Qxc3 Rxe4 25. bxc5 Qxc5 $14) 21... Nc5 $1 22.
Qc2 (22. Nxc4 $1 Nd3 23. Ne3 f5 $5 $13) 22... Nb3 $2 {But this is wrong.} (
22... Nd3 $142 23. Re2 f5 $1 24. exf5 Bxf5 $1 (24... gxf5 $2 25. Ncd1 {[%cal
Ra3d3,Rc2c4]}) 25. Nxf5 gxf5 26. Nd1 $1 Rxe2 27. Bxe2 Nxb2 $1 28. Nxb2 Qb6+ 29.
Be3 Qxb2 30. Qxb2 Bxb2 31. Ra2 c3 {, and Black should not lose.}) 23. Rxb3 cxb3
24. Qxb3 $16 {White has two pawns for the exchange and has kept his pawn
centre.} Kh8 (24... f5 25. e5 $1) 25. Ncd1 f5 (25... Bd7 {may be more stubborn.
}) 26. Nf2 fxe4 27. Bxe4 Bf5 28. Rc1 (28. Qd3 $142) 28... Qd7 29. Bf3 Nf6 30.
Rc4 Qe7 31. Nxf5 gxf5 32. Kg2 Rc8 33. Rb4 Rc7 34. a5 Nd7 35. Bd1 Qf7 36. Rxb7
$2 {Premature.} (36. Nh3 Nc5 37. Qf3 $18 {[%cal Rh3g5]}) 36... Rxb7 37. Qxb7
Rb8 38. Qc6 Rxb2 39. Bc2 Bd4 $2 (39... Rb5 $13) 40. Nd3 (40. Bc3 Bxc3 (40...
Rxc2 41. Bxd4+ Kg8 42. Qxc2 Qxd5+ 43. Kg1 Qxd4 44. Qc8+ Nf8 45. Qxa6 $18) 41.
Qxc3+ Qg7 42. Qd3 $16) 40... Qe7 (40... Rb5 $1 41. Qxd6 Qxd5+ 42. Qxd5 Rxd5 $14
) 41. Kf1 Rb8 42. Ne1 $2 (42. Qc4 $16) 42... Nc5 43. Nf3 Bf6 44. Bxf5 Rb3 45.
Qc8+ Kg7 46. Ng5 Bxg5 47. fxg5 Rf3+ $2 (47... Qe5 $1 {, and White has nothing
better than a perpetual, immediately or after} 48. Bf4 Qa1+ 49. Kg2 Rb2+ 50.
Kh3 Qf1+ 51. Kh4 Rxh2+ 52. Bh3 Qd3 {as} 53. Qc7+ Kg8 54. Qd8+ Kg7 55. Qf6+ Kg8
56. Bxd6 $2 {loses to} Qh7+ 57. Qh6 Ne4 $1 {[%cal Rh2h3,Re4d6,Re4f2]}) 48. Kg2
Qe2+ 49. Kh3 Rxf5 50. Qxf5 Qxd2 {[%mdl 4096]} 51. Qf6+ Kg8 52. Qg6+ Kh8 53.
Qxd6 {Four passed pawns are stronger than the knight.} Nd3 (53... Qd4 54. Qf8+
Kh7 55. Qf7+ Kh8 56. g6 Qg7 57. Qe8+ Qg8 58. Qe7 $18) 54. Qh6+ Kg8 55. Qe6+ Kg7
56. Qe7+ Kg8 57. d6 Nf2+ 58. Kh4 Qd4+ 59. Kh5 Qd1+ 60. g4 $1 Nxg4 (60... Qxg4+
61. Kg6 $18) 61. Qe8+ Kg7 62. Qd7+ Kh8 63. Qxg4 Qxd6 64. Qc8+ Kg7 65. Qc3+ Kh7
66. Qc2+ Kg7 67. h4 $18 {White has finally got an easily winning endgame.} Qe6
68. Qc7+ Kh8 69. Qd8+ Kh7 70. Qc7+ Kh8 71. Qb6 Qc4 (71... Qf7+ 72. Kg4 Qd7+ 73.
Kf4 $18) 72. Qd8+ Kg7 73. Qe7+ Kg8 74. Kh6 Qc6+ 75. g6 Qc1+ 76. Qg5 Qd1 77. Qf4
1-0

[Event "EU-Cup 27th"]
[Site "Rogaska Slatina"]
[Date "2011.09.30"]
[Round "6"]
[White "Moiseenko, Alexander"]
[Black "Guseinov, Gadir"]
[Result "1/2-1/2"]
[WhiteElo "2726"]
[BlackElo "2626"]
[Annotator "Krasenkow,M"]
[PlyCount "72"]
[EventDate "2011.09.25"]
[EventType "team-swiss"]
[EventRounds "7"]
[EventCountry "SLO"]
[SourceTitle "CBM 145"]
[Source "ChessBase"]
[SourceDate "2011.11.11"]
[SourceVersion "1"]
[SourceVersionDate "2011.11.11"]
[SourceQuality "1"]
[WhiteTeam "Saratov Ekonomist"]
[BlackTeam "DAN DZO & PGMB"]
[WhiteTeamCountry "RUS"]
[BlackTeamCountry "UKR"]

1. d4 Nf6 2. c4 g6 3. Nc3 Bg7 4. e4 d6 5. f3 O-O 6. Be3 c5 7. Nge2 Nc6 8. d5
Ne5 9. Ng3 e6 10. Be2 exd5 11. cxd5 h5 12. O-O a6 13. a4 Nh7 14. Qd2 h4 15. Nh1
f5 16. Nf2 {This popular system was examined in several CBM issues. Despite
the tempi spent by White's knight, it has now reached its perfect destination 
(f2), and is difficult for Black to obtain sufficient counterplay.} g5 $5 {
A rare continuation. Black prevents f3-f4 but the future of his g5-pawn looks
quite gloomy. Main lines:} (16... Bd7 {and}) (16... Qf6) 17. exf5 Bxf5 18. Nce4
Ng6 (18... h3 $5 19. g3 Nf7 {may be an attempt at improvement.}) 19. Rae1 $146
(19. Nxg5 Nxg5 20. Bxg5 Qb6 21. Nd1 Rae8 22. Nc3 Qb4 23. Kh1 h3 24. gxh3 Qd4
25. Rad1 Qxd2 26. Rxd2 Bxh3 27. Rg1 Bf5 $44 {1/2 Graf,A (2630)-Mamedov,R (2330)
/Dubai 2003/CBM 093 ext (32)}) 19... Rc8 20. a5 Qd7 21. b3 Bxe4 22. Nxe4 Rce8
23. b4 $1 {[%mdl 32] After Black's rook has left the c-file, this typical
break is especially powerful.} cxb4 24. Qxb4 Be5 25. Bd4 $6 (25. Bd1 $1 {
sealed White's advantage, e.g.} Rc8 26. Ba4 Qg7 $1 (26... Qe7 27. Nxg5 $1 Nxg5
28. Qg4) 27. Kh1 $1 {, and it is difficult for Black to find a sensible move} (
27. Nxd6 $143 Qe7 28. Bc5 Rxc5 29. Rxe5 Qxe5 30. Qxc5 Nf6)) 25... Bxd4+ 26.
Qxd4 Re5 27. Qb6 (27. Bd3 $5 Qe7 (27... Nf4 28. Nc5 Qc7 29. Ne6) 28. g3 $14)
27... h3 $1 {The only chance to create counterplay.} 28. g3 g4 29. Qd4 $6 {
Too passive. Black now consolidates his position.} (29. Qxd6 $2 Qxd6 30. Nxd6
gxf3) (29. Rc1 $142 gxf3 30. Bd3 $1 Re7 $1 ({or} 30... Nf6 31. Rc7 Qd8 32. Qxb7
Ne7 33. Nd2 $1) 31. Qxd6 Qxd6 32. Nxd6 Ne5 33. Bf5 $1 {keeping some winning
chances.}) 29... Qe7 30. Qd3 gxf3 31. Bxf3 Kg7 32. Qc3 Kg8 33. Bh1 Rxf1+ 34.
Kxf1 Nf6 35. Nf2 Qd7 36. Rc1 Nxd5 $13 1/2-1/2

[Event "EU-ch 11th"]
[Site "Rijeka"]
[Date "2010.03.17"]
[Round "11"]
[White "Tomashevsky, Evgeny"]
[Black "Khairullin, Ildar"]
[Result "1-0"]
[WhiteElo "2701"]
[BlackElo "2617"]
[Annotator "Krasenkow,M"]
[PlyCount "83"]
[EventDate "2010.03.06"]
[EventType "swiss"]
[EventRounds "11"]
[EventCountry "CRO"]
[SourceTitle "CBM 136"]
[Source "ChessBase"]
[SourceDate "2010.05.18"]
[SourceVersion "1"]
[SourceVersionDate "2010.05.18"]
[SourceQuality "1"]

1. d4 Nf6 2. c4 g6 3. Nc3 Bg7 4. e4 d6 5. f3 O-O 6. Be3 c5 7. Nge2 Nc6 8. d5
Ne5 9. Ng3 e6 10. Be2 exd5 11. cxd5 h5 12. O-O Nh7 13. Qd2 h4 14. Nh1 f5 15.
Nf2 Bd7 16. a4 {Many moves have been tested in this well-known position:} (16.
f4 Nf7 17. e5 $6 dxe5 18. Bxc5 Re8 19. fxe5 Bxe5 20. Nd3 Qc7 21. h3 Nhg5 $36 {
1/2 Moiseenko,A (2573)-Ponomariov,R (2627)/Alushta 2000/EXT 2001 (38)}) (16.
Rad1 Re8 17. b4 b6 18. Nb5 Nf7 19. bxc5 bxc5 20. exf5 gxf5 21. Bf4 Rb8 22. Rb1
Qe7 23. Bd3 Ne5 {1/2 Khenkin,I (2598)-Efimenko,Z (2557)/Fuerth 2002/CBM 090 ext
}) (16. exf5 gxf5 17. Nh3 (17. Bh6 Qf6 18. Bxg7 Qxg7 19. f4 Ng4 20. Bf3 Rae8
21. Rfe1 b5 22. a3 Nhf6 $132 {1-0 Zubarev,A (2548)-Pavlidis,A (2360)/Kavala
2009/CBM 131 Extra (39)}) 17... Qe7 18. Rae1 Rae8 19. Nf4 Ng4 20. fxg4 (20.
Bxc5 $1 dxc5 21. fxg4 Qd6 $13) 20... Qxe3+ 21. Qxe3 Rxe3 22. Ne6 Bxe6 23. dxe6
Bd4 $17 {0-1 Lie,K (2558)-Stellwagen,D (2621)/Malmo 2008/CBM 124 (43)}) (16.
Kh1 $5 Kh8 17. Rae1 Qa5 18. exf5 gxf5 19. f4 Ng4 20. Nxg4 fxg4 21. Qd1 h3 22.
gxh3 gxh3 23. Bd2 Rae8 24. Bg4 Qd8 25. Be6 $14 {0-1 Henrichs,T (2459)-Van
Laatum,G (2327)/Belgium 2001/EXT 2003 (28)}) (16. Rab1 $5 Qf6 (16... Rc8 $5)
17. f4 Nf7 18. Kh1 Rfe8 19. Nb5 Qd8 20. b4 b6 21. bxc5 bxc5 22. Bd3 $2 (22.
Nxd6 $1 Nxd6 23. e5 $16) 22... Nf6 23. Nc3 Qa5 24. Qc2 Ng4 $17 {0-1
Kasimdzhanov,R (2677)-Topalov,V (2772)/Leon 2007/CBM 119 (61)}) (16. Rae1 $5 b6
17. exf5 gxf5 18. Nh3 Ng6 19. f4 Re8 20. Kh1 Qf6 21. Bh5 $14 {1-0 Khismatullin,
D (2584)-Nedev,T (2518)/Plovdiv 2008/CBM 124 (77)}) 16... Qf6 (16... a6 $6 17.
Kh1 (17. a5 $5 Qf6 18. Qc2 $2 (18. f4 Nf7 19. Bd3 $14) 18... f4 19. Bd2 h3 $17
{0-1 Bischoff,K (2560)-Radjabov,T (2682)/Mainz 2005/CBM 107 ext (34)}) (17.
exf5 gxf5 18. Nh3 Qa5 19. Nf4 Rfe8 20. Nh5 Bh8 21. Bf2 $14 {1/2 Sasikiran,K 
(2525)-Singh,G (2310)/Kolkata 1999/CBM 069 ext (78)}) 17... Re8 {The rook
could still be employed on the f-file. Der Turm könnte auf der f-Linie noch
gebraucht werden.} 18. Rg1 Nf7 (18... g5 $6 {In the long run I do not like
this; the pawn would be better on g6 ib view of the move g2-g3 which is to be
expected at some point. Dies gefällt nun endgültig nicht, bei dem irgendwann
zu erwartenden g2-g3 würde der Bauer besser auf g6 stehen.} 19. exf5 Bxf5 20.
Rae1 Rc8 21. Nce4 Nf7 22. Bd3 {The threat is 23.Nxg5. Es droht 23.Nxg5.} Re5 {
The prsssure against d5 is not strong enough to justify the dangerous position
the rook occupies. Der Druck auf d5 ist nicht stark genug, um die gefährdete
Aufstellung des Turmes zu rechtfertigen.} 23. Bc2 Qd7 24. g3 $1 $16 {1-0
Tomashevsky,E (2664)-Shomoev,A (2567)/Budva 2009/CBM 130/[CB] (31)}) ({One of
several possibilities is Eine von mehreren Möglichkeiten ist} 18... Nf6 $5) 19.
Rge1 g5 20. f4 gxf4 21. Bxf4 Nf6 22. Bd3 fxe4 23. Nfxe4 Nh5 24. Bxd6 $16 {
1-0 Khairullin,I (2604)-Shomoev,A (2566)/Ulan Ude 2009/CBM 132 (40)}) 17. exf5
(17. Nh3 Rae8 18. Nb5 $6 fxe4 19. fxe4 Qe7 $13 {1-0 Gupta,A (2551)-Caspi,I 
(2412)/Gaziantep 2008/CBM 125 Extra (44)}) (17. f4 Nf7 18. Bd3 Rfe8 19. Rab1
$14) 17... gxf5 18. Nh3 {You have seen this manoeuvre in some games cited in
the previous annotations.} Ng6 $6 (18... Rae8 $142) 19. f4 $1 {[%csl Rg6][%cal
Ye2h5][%mdl 32] Cutting off the black knight.} a6 (19... Qe7 20. Bh5 Qxe3+ 21.
Qxe3 Bd4 22. Qxd4 cxd4 23. Bxg6 dxc3 24. Bxh7+ Kxh7 25. bxc3 $16) 20. Bf2 Rae8
21. Kh1 $1 {Black has no counterplay now, and White quietly prepares his
attack along the g-file.} Rf7 22. a5 Rfe7 23. Bh5 Nhf8 24. Rg1 $1 Bh6 25. g3
Kh8 (25... hxg3 26. Rxg3 Rg7 27. Rag1 Ree7 28. Ng5) 26. gxh4 $18 {[%cal Yh3g5]}
Nxh4 27. Bxe8 Bxe8 28. Ng5 Nhg6 29. Rae1 Rxe1 30. Rxe1 Bf7 31. Nxf7+ Qxf7 32.
Bg3 Bg7 33. Qe3 Bd4 34. Qf3 Kg8 35. Re2 Qh7 36. Na4 Qd7 37. Nb6 Qb5 38. h4 Qxa5
39. Nc4 Qd8 40. h5 Nh8 41. Rg2 Kf7 42. Qd3 {The whole system looks quite
gloomy for Black.} 1-0